00636nam a2200205Ia 4500003000400000008004100004040001600045082001800061100002300079245007600102700002000178260003800198300001000236650002200246650001700268650001800285942001200303999001700315952009800332GCL140319s9999 xx 000 0 eng d aGCL / cGCL04a551.6353bD D1 aDOVIAK, RICHARD J.10aDOPPLER READER AND WEATHER OBSERVATIONS, 2nd ed. / cDOVIAK, RICHARD J.1 aZRNIC, DUSEN S. a[S.N] : bACADEMIC PRESS LIMITED. a562 P04aRADAR METEOROLOGY04aOBSERVATIONS04aDOPPLER RADAR 2ddccBK c11559d11559 00104070aCAIbCAId2014-03-26l0o551.6353\D Dp22793r2014-03-26 00:00:00w2014-03-26yBK